Els Costos de l'educació especial a Catalunya / Xavier Mendoza, Xavier Oliver, Ramon Canut
Publicado:
Barcelona :
Generalitat de Catalunya, Departament d'Ensenyament, Secretaria General ,
1985
Descripción Física:
211 p. ; 24 cm
Materias:
Educació especial -- Catalunya
MARC
| LEADER | 00000nam a2200000Ia 4500 | ||
|---|---|---|---|
| 001 | 1579 | ||
| 008 | 160829s1985 xx 000 0 cat d | ||
| 080 | |a E-1-75 | ||
| 100 | |a Mendoza, Xavier |9 37017 | ||
| 245 | |a Els Costos de l'educació especial a Catalunya / Xavier Mendoza, Xavier Oliver, Ramon Canut | ||
| 260 | |a Barcelona : |b Generalitat de Catalunya, Departament d'Ensenyament, Secretaria General, |c 1985 | ||
| 300 | |a 211 p. ; |c 24 cm | ||
| 650 | |a Educació especial |x Catalunya |9 26765 | ||
| 700 | |a Oliver, Xavier |9 37018 | ||
| 700 | |a Canut, Ramon |9 37019 | ||
| 710 | |a Catalunya. |b Departament d'Ensenyament |9 52899 | ||
| 901 | |a Arxiu | ||
| 942 | |n 1 | ||
| 952 | |0 0 |1 0 |4 0 |6 E175 |7 1 |9 47606 |a Arxiu |b Arxiu |d 2016-12-01 |l 0 |o E-1-75 |p 1579 |r 2016-12-01 00:00:00 |w 2016-12-01 |y ARXIU | ||
| 999 | |c 51405 |d 51405 | ||